<?xml version="1.0" encoding="UTF-8"?>
<record
    xmlns:xsi="http://www.w3.org/2001/XMLSchema-instance"
    xsi:schemaLocation="http://www.loc.gov/MARC21/slim http://www.loc.gov/standards/marcxml/schema/MARC21slim.xsd"
    xmlns="http://www.loc.gov/MARC21/slim">

  <leader>00973nam a2200289Ia 4500</leader>
  <controlfield tag="001">u23107</controlfield>
  <controlfield tag="003">SIRSI</controlfield>
  <controlfield tag="005">20180219123753.0</controlfield>
  <controlfield tag="007">he|amb|||bacu</controlfield>
  <controlfield tag="008">011113s1977    ua a    bb    000 0 eng d</controlfield>
  <datafield tag="039" ind1=" " ind2="9">
    <subfield code="a">200212241229</subfield>
    <subfield code="b">said</subfield>
    <subfield code="y">200203190956</subfield>
    <subfield code="z">load</subfield>
  </datafield>
  <datafield tag="040" ind1=" " ind2=" ">
    <subfield code="a">EAL</subfield>
  </datafield>
  <datafield tag="090" ind1=" " ind2=" ">
    <subfield code="a">Thesis</subfield>
    <subfield code="b">S-4196</subfield>
  </datafield>
  <datafield tag="100" ind1="1" ind2=" ">
    <subfield code="a">Elmasry, Hamdy Mohamed.</subfield>
  </datafield>
  <datafield tag="245" ind1="1" ind2="0">
    <subfield code="a">Effect of some treatments on rooting in cutting of mangoes (Mangifera indica)</subfield>
    <subfield code="h">[microform] /</subfield>
    <subfield code="c">by Hamdy Mohamed Elmasry.</subfield>
  </datafield>
  <datafield tag="260" ind1=" " ind2=" ">
    <subfield code="c">1977.</subfield>
  </datafield>
  <datafield tag="300" ind1=" " ind2=" ">
    <subfield code="a">98, 4 leaves :</subfield>
    <subfield code="b">ill. ;</subfield>
    <subfield code="c">30 cm.</subfield>
  </datafield>
  <datafield tag="502" ind1=" " ind2=" ">
    <subfield code="a">Thesis (M.S.)--Menoufia University, 1977.</subfield>
  </datafield>
  <datafield tag="504" ind1=" " ind2=" ">
    <subfield code="a">Includes bibliographical references (leaves 79-98)</subfield>
  </datafield>
  <datafield tag="533" ind1=" " ind2=" ">
    <subfield code="a">Microfiche.</subfield>
    <subfield code="b">ASUNET,</subfield>
    <subfield code="c">Ain Shams University,</subfield>
    <subfield code="e">2 microfiches : negative.</subfield>
  </datafield>
  <datafield tag="546" ind1=" " ind2=" ">
    <subfield code="a">Summary in Arabic.</subfield>
  </datafield>
  <datafield tag="596" ind1=" " ind2=" ">
    <subfield code="a">1</subfield>
  </datafield>
  <datafield tag="650" ind1=" " ind2="0">
    <subfield code="a">Mango</subfield>
    <subfield code="x">Planting time.</subfield>
  </datafield>
  <datafield tag="650" ind1=" " ind2="0">
    <subfield code="a">Growth regulators.</subfield>
  </datafield>
  <datafield tag="910" ind1=" " ind2=" ">
    <subfield code="a">H.M.</subfield>
  </datafield>
  <datafield tag="942" ind1=" " ind2=" ">
    <subfield code="c">MIC</subfield>
    <subfield code="2">lcc</subfield>
  </datafield>
  <datafield tag="952" ind1=" " ind2=" ">
    <subfield code="0">0</subfield>
    <subfield code="1">0</subfield>
    <subfield code="2">lcc</subfield>
    <subfield code="4">0</subfield>
    <subfield code="7">0</subfield>
    <subfield code="a">ENAL</subfield>
    <subfield code="b">ENAL</subfield>
    <subfield code="d">2018-02-19</subfield>
    <subfield code="l">0</subfield>
    <subfield code="o">THESIS S-4196</subfield>
    <subfield code="p">14759-1001</subfield>
    <subfield code="r">2018-02-19 00:00:00</subfield>
    <subfield code="t">1</subfield>
    <subfield code="w">2018-02-19</subfield>
    <subfield code="y">MIC</subfield>
  </datafield>
  <datafield tag="999" ind1=" " ind2=" ">
    <subfield code="c">3595</subfield>
    <subfield code="d">3595</subfield>
  </datafield>
</record>
